MARC

LEADER 00000nam0a2200000 4500
001 94822
005 20231031105816.0
035 |a (RuTPU)RU\TPU\book\101572 
090 |a 94822 
100 |a 20060415d1967 m y0rusy50 ca 
101 0 |a rus 
102 |a RU 
105 |a a z 000zy 
200 1 |a Автоматизация блока синтеза производства бутиловых спиртов методом оксосинтеза  |f И. М. Кисиль, Г. С. Фалькевич, Г. И. Мандрусенко  |g Опытно-конструкторское бюро автоматики, министерство химической промышленности СССР 
210 |a Северодонецк  |c [Б. и.]  |d 1967 
215 |a 24 с.  |c ил. 
610 1 |a оксосинтез 
610 1 |a бутиловый спирт 
610 1 |a производство 
610 1 |a синтез 
675 |a 661.72  |v 3 
700 1 |a Кисиль  |b И. М.  |g Иван Максимович 
701 1 |a Фалькевич  |b Г. С. 
701 1 |a Мандрусенко  |b Г. И. 
712 0 2 |a Опытно-конструкторское бюро автоматики  |b министерство химической промышленности СССР  |2 stltpush  |3 (RuTPU)RU\TPU\col\8792 
801 1 |a RU  |b 63413507  |c 20060415  |g PSBO 
801 2 |a RU  |b 63413507  |c 20190911  |g PSBO 
942 |c BK